| 000 | 01152nam a2200301 c 4500 | ||
|---|---|---|---|
| 003 | BLK | ||
| 005 | 20180420222613.0 | ||
| 008 | 180408b bul|||||r ||||||| ||bul|| | ||
| 010 | _aKNG00060560000 | ||
| 040 | _aBLK | ||
| 041 |
_aBUL _cBUL |
||
| 080 |
_aПредаване на изображения. Телевизия. Видеоапаратура _b621.397 _x:681.84(035) _z621.397:681.84(035) |
||
| 100 | 1 |
_aСачкова, Емилия А. _eпърви автор _9286964 |
|
| 139 |
_aСачкова, Емилия А. _bС 21 |
||
| 245 | 1 | 0 |
_aКасетни видеомагнетофони _bРъководство _cЕмилия А. Сачкова. |
| 250 | _a2. изд | ||
| 257 | _aBGR | ||
| 260 |
_аСофия _bТехника _c1989 |
||
| 300 |
_a191 с. _bс ил., сх., табл. _c20 см |
||
| 380 | _a62 | ||
| 500 | _aБиблиогр. с. 186-187 | ||
| 650 | 4 |
_aВидеомагнетофони - наръчници и ръководства _9150675 |
|
| 852 | _aЦб 161173 | ||
| 856 | 4 |
_qpdf _u |
|
| 856 | 4 |
_qpdf _u |
|
| 942 |
_cKNG _n0 |
||
| 944 |
_aCR _c13.06.2004 _kКети_Илиева |
||
| 944 |
_aED _c18.09.2015 _kРенета_Константинова |
||
| 999 |
_c56578 _d56578 |
||